| 000 | 00920nam a2200301L 4500 | ||
|---|---|---|---|
| 001 | 89009 | ||
| 005 | 20230410120809.0 | ||
| 008 | 091208s2002 nyu 000 u eng d | ||
| 035 | _a(OCoLC)ocn475278633 | ||
| 040 |
_aDKDLA _bdan _cDKDLA |
||
| 020 | _a0865475822 (hc. : alk. paper) | ||
| 020 | _a9780865475823 (hc. : alk. paper) | ||
| 029 | 0 |
_aDKDLA _b33115665 |
|
| 035 | _a(OCoLC)475278633 | ||
| 043 | _an-us-ny | ||
| 050 | 1 | 4 |
_aHV6432 _b.L277a 2002 |
| 082 | 4 |
_a974.7 _221 |
|
| 245 | 0 | 0 |
_aAmerican ground, unbuilding the World Trade Center / _cWilliam Langewiesche. |
| 250 | _a1. ed. | ||
| 260 |
_aNew York, _cc2002 : _bNorth Point Press. |
||
| 300 |
_a205 s. ; _c22 cm. |
||
| 610 | 2 | 4 | _aWorld Trade Center (New York, N.Y.). |
| 700 | 1 | _aLangewiesche, William. | |
| 856 | _uhttp://www.loc.gov/catdir/description/hol031/2002075153.html | ||
| 942 |
_2lcc _cbk |
||
| 994 |
_aC0 _bDRFGD |
||
| 946 | _anc | ||
| 999 |
_c52062 _d52062 |
||